• 首页
  • 本馆介绍
  • 公告通知
  • 最新文献
  • 馆藏检索
  • 电子资源
  • 读者导购
  • 参考咨询
  • 我的图书馆
  • 登录
  • 详细信息显示
  • 放入我的书架
  • 预约/预借图书
  • 作者相关作品
  • 分类相关作品
  • 丛书相关作品
  • 出版社相关作品

书目信息

  • 表格格式
  • 工作单格式
  • 卡片格式
题名:
大学体育
    
 
作者: ;四川省高教局
分册:  
出版信息: 成都   成都科技大学出版社  1986.06
页数: 259页
开本: 26cm
丛书名:
单 册:
中图分类: G8
科图分类:
主题词: 体育
电子资源:
ISBN:
000 00568nam0 2200205 45
001 0405081454
005 20040508145013.4
010    @dCNY2.90
091    @a7475.2
100    @a20040508d1986 km y0chiy0120 ea
101 0  @achi
105    @a z 000yy
200 1  @a大学体育@ADa Xue Ti Yu@f四川省高教局编@FSi Chuan Sheng Gao Jiao Ju Bian
210    @a成都@c成都科技大学出版社@d1986.06
215    @a259页@d26cm
606 0  @a体育
690    @aG8@v3
711 02 @a四川省高教局@ASi Chuan Sheng Gao Jiao Ju
801    @aCN@bTSTCL@c20040508
905    @f4@b212025-028@dG8@e68
    
    大学体育/四川省高教局编.-成都:成都科技大学出版社,1986.06
    259页;26cm
    
    
    ISBN :CNY2.90
    
●
相关链接 在E读中查询图书 在五车中查询图书 在当当中查询图书 在豆瓣中查询图书


正题名:大学体育     索取号:G8/68         预约/预借

序号 登录号 条形码 馆藏地/架位号 状态 备注
1 0212025   000297814   密集书库/ [索取号:G8/68] 在馆    
2 0212026   000297823   第四借阅区/ [索取号:G8/68] 在馆    
3 0212027   000297878   密集书库/ [索取号:G8/68] 在馆    
4 0212028   000297887   密集书库/ [索取号:G8/68] 在馆    
5 0212029   000494619   第一样本阅览室/ [索取号:G8/68] 在馆    
唐山师范学院图书馆 欢迎您!
大连网信软件有限公司© 版权所有